| 000 | 00768nam a2200253Ia 4500 | ||
|---|---|---|---|
| 003 | OSt | ||
| 005 | 20221005073234.0 | ||
| 006 | a|||||r|||| 00| 0 | ||
| 007 | ta | ||
| 008 | 221004b |||||||| |||| 00| 0 eng d | ||
| 020 |
_a9788121211550 (hbk) _c595 |
||
| 024 | _a121701 | ||
| 037 |
_b260, 17/08/2012, Bharatiya Sahitya Bhavana _cTextual |
||
| 040 |
_aCRL _cCRL _beng |
||
| 041 |
_2eng _aeng |
||
| 082 | _aY73(Q7):4:5(Z).2, Q3 | ||
| 100 |
_aRehman Habibur _9607851 |
||
| 245 | 0 | _aWhy reservation for muslims? | |
| 260 |
_aNew Delhi _bGyan India _c2013 |
||
| 300 |
_a196p. _ccm. |
||
| 650 | _aSOCIOLOGY | ||
| 942 |
_hY73(Q7):4:5(Z).2, Q3 _cTEXL _2cc |
||
| 999 |
_c980803 _d980803 |
||